000 00655nam a2200193 a 4500
020 _a0140226842
082 _a303.69
_bBON
_cL-31,p-194
100 1 _aDe Bono, Edward,
_937018
245 1 0 _aConflicts :
_ba better way to resolve them /
_cEdward de Bono.
260 _aHarmondsworth, Middlesex, England :
_bPenguin Books ;
_aNew York, N.Y., U.S.A. :
_bViking Penguin,
_c1986, c1985.
300 _aviii, 207 p. ;
_c20 cm.
490 0 _aA Pelican book
500 _aIncludes index.
526 _a0
_b0
_c0
_d303_690000000000000_BON
650 0 _aConflict (Psychology)
_937573
650 0 _aConflict management.
_91884
650 0 _aMCE
_9379
942 _2ddc
_cBK
999 _c542416
_d542416